<?xml version="1.0" encoding="UTF-8"?>
<record
    xmlns:xsi="http://www.w3.org/2001/XMLSchema-instance"
    xsi:schemaLocation="http://www.loc.gov/MARC21/slim http://www.loc.gov/standards/marcxml/schema/MARC21slim.xsd"
    xmlns="http://www.loc.gov/MARC21/slim">

  <leader>00700nam a22002657a 4500</leader>
  <controlfield tag="003">UA-OsUOA</controlfield>
  <controlfield tag="001"> 21621 </controlfield>
  <controlfield tag="007">ta</controlfield>
  <controlfield tag="008">20031211b un ||||| |||| 00| 0 ukr d</controlfield>
  <datafield tag="100" ind1=" " ind2=" ">
    <subfield code="a">&#x424;&#x456;&#x43B;&#x456;&#x43F;&#x435;&#x43D;&#x43A;&#x43E; &#x410;.&#x421;.</subfield>
  </datafield>
  <datafield tag="700" ind1=" " ind2=" ">
    <subfield code="a">&#x41C;&#x430;&#x437;&#x443;&#x440;&#x435;&#x43D;&#x43A;&#x43E; &#x412;.&#x406;.</subfield>
  </datafield>
  <datafield tag="700" ind1=" " ind2=" ">
    <subfield code="a">&#x421;&#x456;&#x43A;&#x43E;&#x440;&#x430; &#x412;.&#x414;.</subfield>
  </datafield>
  <datafield tag="090" ind1=" " ind2=" ">
    <subfield code="a">338.74(075.8)</subfield>
    <subfield code="b">&#x41C;58</subfield>
  </datafield>
  <datafield tag="942" ind1=" " ind2=" ">
    <subfield code="c">BK</subfield>
  </datafield>
  <datafield tag="040" ind1=" " ind2=" ">
    <subfield code="a">UA-OsUOA</subfield>
    <subfield code="b">ukr</subfield>
    <subfield code="c">UA-OsUOA</subfield>
    <subfield code="d">UA-OsUOA</subfield>
  </datafield>
  <datafield tag="245" ind1=" " ind2=" ">
    <subfield code="a">&#x41C;&#x456;&#x436;&#x43D;&#x430;&#x440;&#x43E;&#x434;&#x43D;&#x456; &#x432;&#x430;&#x43B;&#x44E;&#x442;&#x43D;&#x43E;-&#x43A;&#x440;&#x435;&#x434;&#x438;&#x442;&#x43D;&#x456; &#x432;&#x456;&#x434;&#x43D;&#x43E;&#x441;&#x438;&#x43D;&#x438;</subfield>
    <subfield code="b">&#x41F;&#x456;&#x434;&#x440;&#x443;&#x447;&#x43D;&#x438;&#x43A;</subfield>
  </datafield>
  <datafield tag="300" ind1=" " ind2=" ">
    <subfield code="a">208 &#x441;.</subfield>
  </datafield>
  <datafield tag="955" ind1=" " ind2=" ">
    <subfield code="a">0</subfield>
  </datafield>
  <datafield tag="041" ind1=" " ind2=" ">
    <subfield code="a">ukr</subfield>
  </datafield>
  <datafield tag="080" ind1=" " ind2=" ">
    <subfield code="a">338.74(075.8)</subfield>
  </datafield>
  <datafield tag="020" ind1=" " ind2=" ">
    <subfield code="a">966-06-0022-4</subfield>
  </datafield>
  <datafield tag="260" ind1=" " ind2=" ">
    <subfield code="a">&#x41A;&#x438;&#x457;&#x432;</subfield>
    <subfield code="b">&#x41B;&#x438;&#x431;&#x456;&#x434;&#x44C;</subfield>
    <subfield code="c">1997</subfield>
  </datafield>
  <datafield tag="044" ind1=" " ind2=" ">
    <subfield code="a">UA</subfield>
  </datafield>
  <datafield tag="650" ind1=" " ind2="7">
    <subfield code="2">UDC</subfield>
  </datafield>
  <datafield tag="999" ind1=" " ind2=" ">
    <subfield code="c">307826</subfield>
    <subfield code="d">307826</subfield>
  </datafield>
  <datafield tag="952" ind1=" " ind2=" ">
    <subfield code="0">0</subfield>
    <subfield code="1">0</subfield>
    <subfield code="2">udc</subfield>
    <subfield code="4">0</subfield>
    <subfield code="7">0</subfield>
    <subfield code="a">101</subfield>
    <subfield code="b">101</subfield>
    <subfield code="d">2005-02-01</subfield>
    <subfield code="g">12.15</subfield>
    <subfield code="i">35564</subfield>
    <subfield code="l">0</subfield>
    <subfield code="o">338.74(075.8) &#x41C;58</subfield>
    <subfield code="p">35564</subfield>
    <subfield code="r">2021-12-08 00:00:00</subfield>
    <subfield code="w">2003-12-11</subfield>
    <subfield code="y">BK</subfield>
  </datafield>
  <datafield tag="952" ind1=" " ind2=" ">
    <subfield code="0">0</subfield>
    <subfield code="1">0</subfield>
    <subfield code="2">udc</subfield>
    <subfield code="4">0</subfield>
    <subfield code="7">0</subfield>
    <subfield code="a">101</subfield>
    <subfield code="b">101</subfield>
    <subfield code="d">2005-02-01</subfield>
    <subfield code="g">12.15</subfield>
    <subfield code="i">35594</subfield>
    <subfield code="l">0</subfield>
    <subfield code="o">338.74(075.8) &#x41C;58</subfield>
    <subfield code="p">35594</subfield>
    <subfield code="r">2021-12-08 00:00:00</subfield>
    <subfield code="w">2003-12-11</subfield>
    <subfield code="y">BK</subfield>
  </datafield>
  <datafield tag="952" ind1=" " ind2=" ">
    <subfield code="0">0</subfield>
    <subfield code="1">0</subfield>
    <subfield code="2">udc</subfield>
    <subfield code="4">0</subfield>
    <subfield code="7">0</subfield>
    <subfield code="a">101</subfield>
    <subfield code="b">101</subfield>
    <subfield code="d">2005-02-01</subfield>
    <subfield code="g">12.15</subfield>
    <subfield code="i">35595</subfield>
    <subfield code="l">0</subfield>
    <subfield code="o">338.74(075.8) &#x41C;58</subfield>
    <subfield code="p">35595</subfield>
    <subfield code="r">2021-12-08 00:00:00</subfield>
    <subfield code="w">2003-12-11</subfield>
    <subfield code="y">BK</subfield>
  </datafield>
  <datafield tag="952" ind1=" " ind2=" ">
    <subfield code="0">0</subfield>
    <subfield code="1">0</subfield>
    <subfield code="2">udc</subfield>
    <subfield code="4">0</subfield>
    <subfield code="7">0</subfield>
    <subfield code="a">101</subfield>
    <subfield code="b">101</subfield>
    <subfield code="d">2005-02-04</subfield>
    <subfield code="g">20.57</subfield>
    <subfield code="i">35596</subfield>
    <subfield code="l">0</subfield>
    <subfield code="o">338.74(075.8) &#x41C;58</subfield>
    <subfield code="p">35596</subfield>
    <subfield code="r">2021-12-08 00:00:00</subfield>
    <subfield code="w">2003-12-11</subfield>
    <subfield code="y">BK</subfield>
  </datafield>
  <datafield tag="952" ind1=" " ind2=" ">
    <subfield code="0">0</subfield>
    <subfield code="1">0</subfield>
    <subfield code="2">udc</subfield>
    <subfield code="4">0</subfield>
    <subfield code="7">0</subfield>
    <subfield code="a">101</subfield>
    <subfield code="b">101</subfield>
    <subfield code="d">2005-02-01</subfield>
    <subfield code="g">12.15</subfield>
    <subfield code="i">35597</subfield>
    <subfield code="l">0</subfield>
    <subfield code="o">338.74(075.8) &#x41C;58</subfield>
    <subfield code="p">35597</subfield>
    <subfield code="r">2021-12-08 00:00:00</subfield>
    <subfield code="w">2003-12-11</subfield>
    <subfield code="y">BK</subfield>
  </datafield>
  <datafield tag="952" ind1=" " ind2=" ">
    <subfield code="0">0</subfield>
    <subfield code="1">0</subfield>
    <subfield code="2">udc</subfield>
    <subfield code="4">0</subfield>
    <subfield code="7">0</subfield>
    <subfield code="a">101</subfield>
    <subfield code="b">101</subfield>
    <subfield code="d">2005-02-01</subfield>
    <subfield code="g">20.57</subfield>
    <subfield code="i">35598</subfield>
    <subfield code="l">0</subfield>
    <subfield code="o">338.74(075.8) &#x41C;58</subfield>
    <subfield code="p">35598</subfield>
    <subfield code="r">2021-12-08 00:00:00</subfield>
    <subfield code="w">2003-12-11</subfield>
    <subfield code="y">BK</subfield>
  </datafield>
  <datafield tag="952" ind1=" " ind2=" ">
    <subfield code="0">0</subfield>
    <subfield code="1">0</subfield>
    <subfield code="2">udc</subfield>
    <subfield code="4">0</subfield>
    <subfield code="7">0</subfield>
    <subfield code="a">101</subfield>
    <subfield code="b">101</subfield>
    <subfield code="d">2006-08-09</subfield>
    <subfield code="i">35599</subfield>
    <subfield code="l">0</subfield>
    <subfield code="o">338.74(075.8) &#x41C;58</subfield>
    <subfield code="p">35599</subfield>
    <subfield code="r">2021-12-08 00:00:00</subfield>
    <subfield code="w">2003-12-11</subfield>
    <subfield code="y">BK</subfield>
  </datafield>
  <datafield tag="952" ind1=" " ind2=" ">
    <subfield code="0">0</subfield>
    <subfield code="1">0</subfield>
    <subfield code="2">udc</subfield>
    <subfield code="4">0</subfield>
    <subfield code="7">0</subfield>
    <subfield code="a">101</subfield>
    <subfield code="b">101</subfield>
    <subfield code="d">2005-02-01</subfield>
    <subfield code="g">12.15</subfield>
    <subfield code="i">35600</subfield>
    <subfield code="l">0</subfield>
    <subfield code="o">338.74(075.8) &#x41C;58</subfield>
    <subfield code="p">35600</subfield>
    <subfield code="r">2021-12-08 00:00:00</subfield>
    <subfield code="w">2003-12-11</subfield>
    <subfield code="y">BK</subfield>
  </datafield>
  <datafield tag="952" ind1=" " ind2=" ">
    <subfield code="0">0</subfield>
    <subfield code="1">0</subfield>
    <subfield code="2">udc</subfield>
    <subfield code="4">0</subfield>
    <subfield code="7">0</subfield>
    <subfield code="a">101</subfield>
    <subfield code="b">101</subfield>
    <subfield code="d">2005-02-01</subfield>
    <subfield code="g">12.15</subfield>
    <subfield code="i">35601</subfield>
    <subfield code="l">0</subfield>
    <subfield code="o">338.74(075.8) &#x41C;58</subfield>
    <subfield code="p">35601</subfield>
    <subfield code="r">2021-12-08 00:00:00</subfield>
    <subfield code="w">2003-12-11</subfield>
    <subfield code="y">BK</subfield>
  </datafield>
  <datafield tag="952" ind1=" " ind2=" ">
    <subfield code="0">0</subfield>
    <subfield code="1">0</subfield>
    <subfield code="2">udc</subfield>
    <subfield code="4">0</subfield>
    <subfield code="7">0</subfield>
    <subfield code="a">101</subfield>
    <subfield code="b">101</subfield>
    <subfield code="d">2005-02-01</subfield>
    <subfield code="g">12.15</subfield>
    <subfield code="i">35602</subfield>
    <subfield code="l">0</subfield>
    <subfield code="o">338.74(075.8) &#x41C;58</subfield>
    <subfield code="p">35602</subfield>
    <subfield code="r">2021-12-08 00:00:00</subfield>
    <subfield code="w">2003-12-11</subfield>
    <subfield code="y">BK</subfield>
  </datafield>
  <datafield tag="952" ind1=" " ind2=" ">
    <subfield code="0">0</subfield>
    <subfield code="1">0</subfield>
    <subfield code="2">udc</subfield>
    <subfield code="4">0</subfield>
    <subfield code="7">0</subfield>
    <subfield code="a">101</subfield>
    <subfield code="b">101</subfield>
    <subfield code="d">2005-02-01</subfield>
    <subfield code="g">20.57</subfield>
    <subfield code="i">35603</subfield>
    <subfield code="l">0</subfield>
    <subfield code="o">338.74(075.8) &#x41C;58</subfield>
    <subfield code="p">35603</subfield>
    <subfield code="r">2021-12-08 00:00:00</subfield>
    <subfield code="w">2003-12-11</subfield>
    <subfield code="y">BK</subfield>
  </datafield>
  <datafield tag="952" ind1=" " ind2=" ">
    <subfield code="0">0</subfield>
    <subfield code="1">0</subfield>
    <subfield code="2">udc</subfield>
    <subfield code="4">0</subfield>
    <subfield code="7">0</subfield>
    <subfield code="a">101</subfield>
    <subfield code="b">101</subfield>
    <subfield code="d">2005-02-01</subfield>
    <subfield code="g">20.57</subfield>
    <subfield code="i">35604</subfield>
    <subfield code="l">0</subfield>
    <subfield code="o">338.74(075.8) &#x41C;58</subfield>
    <subfield code="p">35604</subfield>
    <subfield code="r">2021-12-08 00:00:00</subfield>
    <subfield code="w">2003-12-11</subfield>
    <subfield code="y">BK</subfield>
  </datafield>
  <datafield tag="952" ind1=" " ind2=" ">
    <subfield code="0">0</subfield>
    <subfield code="1">0</subfield>
    <subfield code="2">udc</subfield>
    <subfield code="4">0</subfield>
    <subfield code="7">0</subfield>
    <subfield code="a">101</subfield>
    <subfield code="b">101</subfield>
    <subfield code="d">2005-02-01</subfield>
    <subfield code="g">20.57</subfield>
    <subfield code="i">35605</subfield>
    <subfield code="l">0</subfield>
    <subfield code="o">338.74(075.8) &#x41C;58</subfield>
    <subfield code="p">35605</subfield>
    <subfield code="r">2021-12-08 00:00:00</subfield>
    <subfield code="w">2003-12-11</subfield>
    <subfield code="y">BK</subfield>
  </datafield>
  <datafield tag="952" ind1=" " ind2=" ">
    <subfield code="0">0</subfield>
    <subfield code="1">0</subfield>
    <subfield code="2">udc</subfield>
    <subfield code="4">0</subfield>
    <subfield code="7">0</subfield>
    <subfield code="a">101</subfield>
    <subfield code="b">101</subfield>
    <subfield code="d">2006-08-09</subfield>
    <subfield code="i">35606</subfield>
    <subfield code="l">0</subfield>
    <subfield code="o">338.74(075.8) &#x41C;58</subfield>
    <subfield code="p">35606</subfield>
    <subfield code="r">2021-12-08 00:00:00</subfield>
    <subfield code="w">2003-12-11</subfield>
    <subfield code="y">BK</subfield>
  </datafield>
  <datafield tag="952" ind1=" " ind2=" ">
    <subfield code="0">0</subfield>
    <subfield code="1">0</subfield>
    <subfield code="2">udc</subfield>
    <subfield code="4">0</subfield>
    <subfield code="7">0</subfield>
    <subfield code="a">101</subfield>
    <subfield code="b">101</subfield>
    <subfield code="d">2006-08-09</subfield>
    <subfield code="i">35607</subfield>
    <subfield code="l">0</subfield>
    <subfield code="o">338.74(075.8) &#x41C;58</subfield>
    <subfield code="p">35607</subfield>
    <subfield code="r">2021-12-08 00:00:00</subfield>
    <subfield code="w">2003-12-11</subfield>
    <subfield code="y">BK</subfield>
  </datafield>
  <datafield tag="952" ind1=" " ind2=" ">
    <subfield code="0">0</subfield>
    <subfield code="1">0</subfield>
    <subfield code="2">udc</subfield>
    <subfield code="4">0</subfield>
    <subfield code="7">0</subfield>
    <subfield code="a">101</subfield>
    <subfield code="b">101</subfield>
    <subfield code="d">2006-08-09</subfield>
    <subfield code="i">35608</subfield>
    <subfield code="l">0</subfield>
    <subfield code="o">338.74(075.8) &#x41C;58</subfield>
    <subfield code="p">35608</subfield>
    <subfield code="r">2021-12-08 00:00:00</subfield>
    <subfield code="w">2003-12-11</subfield>
    <subfield code="y">BK</subfield>
  </datafield>
  <datafield tag="952" ind1=" " ind2=" ">
    <subfield code="0">0</subfield>
    <subfield code="1">0</subfield>
    <subfield code="2">udc</subfield>
    <subfield code="4">0</subfield>
    <subfield code="7">0</subfield>
    <subfield code="a">101</subfield>
    <subfield code="b">101</subfield>
    <subfield code="d">2005-02-01</subfield>
    <subfield code="g">12.15</subfield>
    <subfield code="i">35609</subfield>
    <subfield code="l">0</subfield>
    <subfield code="o">338.74(075.8) &#x41C;58</subfield>
    <subfield code="p">35609</subfield>
    <subfield code="r">2021-12-08 00:00:00</subfield>
    <subfield code="w">2003-12-11</subfield>
    <subfield code="y">BK</subfield>
  </datafield>
  <datafield tag="952" ind1=" " ind2=" ">
    <subfield code="0">0</subfield>
    <subfield code="1">0</subfield>
    <subfield code="2">udc</subfield>
    <subfield code="4">0</subfield>
    <subfield code="7">0</subfield>
    <subfield code="a">101</subfield>
    <subfield code="b">101</subfield>
    <subfield code="d">2005-02-01</subfield>
    <subfield code="g">15.00</subfield>
    <subfield code="i">35610</subfield>
    <subfield code="l">0</subfield>
    <subfield code="o">338.74(075.8) &#x41C;58</subfield>
    <subfield code="p">35610</subfield>
    <subfield code="r">2021-12-08 00:00:00</subfield>
    <subfield code="w">2003-12-11</subfield>
    <subfield code="y">BK</subfield>
  </datafield>
  <datafield tag="952" ind1=" " ind2=" ">
    <subfield code="0">0</subfield>
    <subfield code="1">0</subfield>
    <subfield code="2">udc</subfield>
    <subfield code="4">0</subfield>
    <subfield code="7">0</subfield>
    <subfield code="a">101</subfield>
    <subfield code="b">101</subfield>
    <subfield code="d">2006-08-09</subfield>
    <subfield code="i">35611</subfield>
    <subfield code="l">0</subfield>
    <subfield code="o">338.74(075.8) &#x41C;58</subfield>
    <subfield code="p">35611</subfield>
    <subfield code="r">2021-12-08 00:00:00</subfield>
    <subfield code="w">2003-12-11</subfield>
    <subfield code="y">BK</subfield>
  </datafield>
  <datafield tag="952" ind1=" " ind2=" ">
    <subfield code="0">0</subfield>
    <subfield code="1">0</subfield>
    <subfield code="2">udc</subfield>
    <subfield code="4">0</subfield>
    <subfield code="7">0</subfield>
    <subfield code="a">101</subfield>
    <subfield code="b">101</subfield>
    <subfield code="d">2005-02-01</subfield>
    <subfield code="g">20.57</subfield>
    <subfield code="i">35612</subfield>
    <subfield code="l">0</subfield>
    <subfield code="o">338.74(075.8) &#x41C;58</subfield>
    <subfield code="p">35612</subfield>
    <subfield code="r">2021-12-08 00:00:00</subfield>
    <subfield code="w">2003-12-11</subfield>
    <subfield code="y">BK</subfield>
  </datafield>
  <datafield tag="952" ind1=" " ind2=" ">
    <subfield code="0">0</subfield>
    <subfield code="1">0</subfield>
    <subfield code="2">udc</subfield>
    <subfield code="4">0</subfield>
    <subfield code="7">0</subfield>
    <subfield code="a">101</subfield>
    <subfield code="b">101</subfield>
    <subfield code="d">2005-02-01</subfield>
    <subfield code="g">2.00</subfield>
    <subfield code="i">35613</subfield>
    <subfield code="l">0</subfield>
    <subfield code="o">338.74(075.8) &#x41C;58</subfield>
    <subfield code="p">35613</subfield>
    <subfield code="r">2021-12-08 00:00:00</subfield>
    <subfield code="w">2003-12-11</subfield>
    <subfield code="y">BK</subfield>
  </datafield>
  <datafield tag="952" ind1=" " ind2=" ">
    <subfield code="0">0</subfield>
    <subfield code="1">0</subfield>
    <subfield code="2">udc</subfield>
    <subfield code="4">0</subfield>
    <subfield code="7">0</subfield>
    <subfield code="a">101</subfield>
    <subfield code="b">101</subfield>
    <subfield code="d">2006-08-09</subfield>
    <subfield code="i">35614</subfield>
    <subfield code="l">0</subfield>
    <subfield code="o">338.74(075.8) &#x41C;58</subfield>
    <subfield code="p">35614</subfield>
    <subfield code="r">2021-12-08 00:00:00</subfield>
    <subfield code="w">2003-12-11</subfield>
    <subfield code="y">BK</subfield>
  </datafield>
  <datafield tag="952" ind1=" " ind2=" ">
    <subfield code="0">0</subfield>
    <subfield code="1">0</subfield>
    <subfield code="2">udc</subfield>
    <subfield code="4">0</subfield>
    <subfield code="7">0</subfield>
    <subfield code="a">101</subfield>
    <subfield code="b">101</subfield>
    <subfield code="d">2005-02-01</subfield>
    <subfield code="g">20.57</subfield>
    <subfield code="i">35655</subfield>
    <subfield code="l">0</subfield>
    <subfield code="o">338.74(075.8) &#x41C;58</subfield>
    <subfield code="p">35655</subfield>
    <subfield code="r">2021-12-08 00:00:00</subfield>
    <subfield code="w">2003-12-11</subfield>
    <subfield code="y">BK</subfield>
  </datafield>
  <datafield tag="952" ind1=" " ind2=" ">
    <subfield code="0">0</subfield>
    <subfield code="1">0</subfield>
    <subfield code="2">udc</subfield>
    <subfield code="4">0</subfield>
    <subfield code="7">0</subfield>
    <subfield code="a">101</subfield>
    <subfield code="b">101</subfield>
    <subfield code="d">2006-08-09</subfield>
    <subfield code="i">35656</subfield>
    <subfield code="l">0</subfield>
    <subfield code="o">338.74(075.8) &#x41C;58</subfield>
    <subfield code="p">35656</subfield>
    <subfield code="r">2021-12-08 00:00:00</subfield>
    <subfield code="w">2003-12-11</subfield>
    <subfield code="y">BK</subfield>
  </datafield>
  <datafield tag="952" ind1=" " ind2=" ">
    <subfield code="0">0</subfield>
    <subfield code="1">0</subfield>
    <subfield code="2">udc</subfield>
    <subfield code="4">0</subfield>
    <subfield code="7">0</subfield>
    <subfield code="a">101</subfield>
    <subfield code="b">101</subfield>
    <subfield code="d">2006-08-09</subfield>
    <subfield code="i">35657</subfield>
    <subfield code="l">0</subfield>
    <subfield code="o">338.74(075.8) &#x41C;58</subfield>
    <subfield code="p">35657</subfield>
    <subfield code="r">2021-12-08 00:00:00</subfield>
    <subfield code="w">2003-12-11</subfield>
    <subfield code="y">BK</subfield>
  </datafield>
  <datafield tag="952" ind1=" " ind2=" ">
    <subfield code="0">0</subfield>
    <subfield code="1">0</subfield>
    <subfield code="2">udc</subfield>
    <subfield code="4">0</subfield>
    <subfield code="7">0</subfield>
    <subfield code="a">101</subfield>
    <subfield code="b">101</subfield>
    <subfield code="d">2005-02-04</subfield>
    <subfield code="g">20.57</subfield>
    <subfield code="i">35658</subfield>
    <subfield code="l">0</subfield>
    <subfield code="o">338.74(075.8) &#x41C;58</subfield>
    <subfield code="p">35658</subfield>
    <subfield code="r">2021-12-08 00:00:00</subfield>
    <subfield code="w">2003-12-11</subfield>
    <subfield code="y">BK</subfield>
  </datafield>
  <datafield tag="952" ind1=" " ind2=" ">
    <subfield code="0">0</subfield>
    <subfield code="1">0</subfield>
    <subfield code="2">udc</subfield>
    <subfield code="4">0</subfield>
    <subfield code="7">0</subfield>
    <subfield code="a">101</subfield>
    <subfield code="b">101</subfield>
    <subfield code="d">2005-02-01</subfield>
    <subfield code="g">20.57</subfield>
    <subfield code="i">35659</subfield>
    <subfield code="l">0</subfield>
    <subfield code="o">338.74(075.8) &#x41C;58</subfield>
    <subfield code="p">35659</subfield>
    <subfield code="r">2021-12-08 00:00:00</subfield>
    <subfield code="w">2003-12-11</subfield>
    <subfield code="y">BK</subfield>
  </datafield>
  <datafield tag="952" ind1=" " ind2=" ">
    <subfield code="0">0</subfield>
    <subfield code="1">0</subfield>
    <subfield code="2">udc</subfield>
    <subfield code="4">0</subfield>
    <subfield code="7">0</subfield>
    <subfield code="a">101</subfield>
    <subfield code="b">101</subfield>
    <subfield code="d">2006-08-09</subfield>
    <subfield code="i">35660</subfield>
    <subfield code="l">0</subfield>
    <subfield code="o">338.74(075.8) &#x41C;58</subfield>
    <subfield code="p">35660</subfield>
    <subfield code="r">2021-12-08 00:00:00</subfield>
    <subfield code="w">2003-12-11</subfield>
    <subfield code="y">BK</subfield>
  </datafield>
  <datafield tag="952" ind1=" " ind2=" ">
    <subfield code="0">0</subfield>
    <subfield code="1">0</subfield>
    <subfield code="2">udc</subfield>
    <subfield code="4">0</subfield>
    <subfield code="7">0</subfield>
    <subfield code="a">101</subfield>
    <subfield code="b">101</subfield>
    <subfield code="d">2005-02-01</subfield>
    <subfield code="g">20.57</subfield>
    <subfield code="i">35661</subfield>
    <subfield code="l">0</subfield>
    <subfield code="o">338.74(075.8) &#x41C;58</subfield>
    <subfield code="p">35661</subfield>
    <subfield code="r">2021-12-08 00:00:00</subfield>
    <subfield code="w">2003-12-11</subfield>
    <subfield code="y">BK</subfield>
  </datafield>
  <datafield tag="952" ind1=" " ind2=" ">
    <subfield code="0">0</subfield>
    <subfield code="1">0</subfield>
    <subfield code="2">udc</subfield>
    <subfield code="4">0</subfield>
    <subfield code="7">0</subfield>
    <subfield code="a">101</subfield>
    <subfield code="b">101</subfield>
    <subfield code="d">2005-02-01</subfield>
    <subfield code="g">20.57</subfield>
    <subfield code="i">35662</subfield>
    <subfield code="l">0</subfield>
    <subfield code="o">338.74(075.8) &#x41C;58</subfield>
    <subfield code="p">35662</subfield>
    <subfield code="r">2021-12-08 00:00:00</subfield>
    <subfield code="w">2003-12-11</subfield>
    <subfield code="y">BK</subfield>
  </datafield>
  <datafield tag="952" ind1=" " ind2=" ">
    <subfield code="0">0</subfield>
    <subfield code="1">0</subfield>
    <subfield code="2">udc</subfield>
    <subfield code="4">0</subfield>
    <subfield code="7">0</subfield>
    <subfield code="a">101</subfield>
    <subfield code="b">101</subfield>
    <subfield code="d">2006-08-09</subfield>
    <subfield code="i">35667</subfield>
    <subfield code="l">0</subfield>
    <subfield code="o">338.74(075.8) &#x41C;58</subfield>
    <subfield code="p">35667</subfield>
    <subfield code="r">2021-12-08 00:00:00</subfield>
    <subfield code="w">2003-12-11</subfield>
    <subfield code="y">BK</subfield>
  </datafield>
  <datafield tag="952" ind1=" " ind2=" ">
    <subfield code="0">0</subfield>
    <subfield code="1">0</subfield>
    <subfield code="2">udc</subfield>
    <subfield code="4">0</subfield>
    <subfield code="7">0</subfield>
    <subfield code="a">101</subfield>
    <subfield code="b">101</subfield>
    <subfield code="d">2005-02-04</subfield>
    <subfield code="g">20.57</subfield>
    <subfield code="i">35669</subfield>
    <subfield code="l">0</subfield>
    <subfield code="o">338.74(075.8) &#x41C;58</subfield>
    <subfield code="p">35669</subfield>
    <subfield code="r">2021-12-08 00:00:00</subfield>
    <subfield code="w">2003-12-11</subfield>
    <subfield code="y">BK</subfield>
  </datafield>
  <datafield tag="952" ind1=" " ind2=" ">
    <subfield code="0">0</subfield>
    <subfield code="1">0</subfield>
    <subfield code="2">udc</subfield>
    <subfield code="4">0</subfield>
    <subfield code="7">0</subfield>
    <subfield code="a">101</subfield>
    <subfield code="b">101</subfield>
    <subfield code="d">2006-08-09</subfield>
    <subfield code="i">35670</subfield>
    <subfield code="l">0</subfield>
    <subfield code="o">338.74(075.8) &#x41C;58</subfield>
    <subfield code="p">35670</subfield>
    <subfield code="r">2021-12-08 00:00:00</subfield>
    <subfield code="w">2003-12-11</subfield>
    <subfield code="y">BK</subfield>
  </datafield>
  <datafield tag="952" ind1=" " ind2=" ">
    <subfield code="0">0</subfield>
    <subfield code="1">0</subfield>
    <subfield code="2">udc</subfield>
    <subfield code="4">0</subfield>
    <subfield code="7">0</subfield>
    <subfield code="a">101</subfield>
    <subfield code="b">101</subfield>
    <subfield code="d">2005-02-01</subfield>
    <subfield code="g">2.00</subfield>
    <subfield code="i">35671</subfield>
    <subfield code="l">0</subfield>
    <subfield code="o">338.74(075.8) &#x41C;58</subfield>
    <subfield code="p">35671</subfield>
    <subfield code="r">2021-12-08 00:00:00</subfield>
    <subfield code="w">2003-12-11</subfield>
    <subfield code="y">BK</subfield>
  </datafield>
  <datafield tag="952" ind1=" " ind2=" ">
    <subfield code="0">0</subfield>
    <subfield code="1">0</subfield>
    <subfield code="2">udc</subfield>
    <subfield code="4">0</subfield>
    <subfield code="7">0</subfield>
    <subfield code="a">101</subfield>
    <subfield code="b">101</subfield>
    <subfield code="d">2005-02-01</subfield>
    <subfield code="g">20.57</subfield>
    <subfield code="i">35672</subfield>
    <subfield code="l">0</subfield>
    <subfield code="o">338.74(075.8) &#x41C;58</subfield>
    <subfield code="p">35672</subfield>
    <subfield code="r">2021-12-08 00:00:00</subfield>
    <subfield code="w">2003-12-11</subfield>
    <subfield code="y">BK</subfield>
  </datafield>
  <datafield tag="952" ind1=" " ind2=" ">
    <subfield code="0">0</subfield>
    <subfield code="1">0</subfield>
    <subfield code="2">udc</subfield>
    <subfield code="4">0</subfield>
    <subfield code="7">0</subfield>
    <subfield code="a">101</subfield>
    <subfield code="b">101</subfield>
    <subfield code="d">2005-02-01</subfield>
    <subfield code="g">12.15</subfield>
    <subfield code="i">35673</subfield>
    <subfield code="l">0</subfield>
    <subfield code="o">338.74(075.8) &#x41C;58</subfield>
    <subfield code="p">35673</subfield>
    <subfield code="r">2021-12-08 00:00:00</subfield>
    <subfield code="w">2003-12-11</subfield>
    <subfield code="y">BK</subfield>
  </datafield>
  <datafield tag="952" ind1=" " ind2=" ">
    <subfield code="0">0</subfield>
    <subfield code="1">0</subfield>
    <subfield code="2">udc</subfield>
    <subfield code="4">0</subfield>
    <subfield code="7">0</subfield>
    <subfield code="a">102</subfield>
    <subfield code="b">102</subfield>
    <subfield code="d">2003-12-11</subfield>
    <subfield code="g">5.00</subfield>
    <subfield code="i">66189</subfield>
    <subfield code="l">0</subfield>
    <subfield code="o">338.74(075.8) &#x41C;58</subfield>
    <subfield code="p">66189</subfield>
    <subfield code="r">2022-02-06 00:00:00</subfield>
    <subfield code="w">2003-12-11</subfield>
    <subfield code="y">BK</subfield>
  </datafield>
  <datafield tag="952" ind1=" " ind2=" ">
    <subfield code="0">0</subfield>
    <subfield code="1">0</subfield>
    <subfield code="2">udc</subfield>
    <subfield code="4">0</subfield>
    <subfield code="7">0</subfield>
    <subfield code="a">102</subfield>
    <subfield code="b">102</subfield>
    <subfield code="d">2003-12-11</subfield>
    <subfield code="g">5.00</subfield>
    <subfield code="i">66190</subfield>
    <subfield code="l">0</subfield>
    <subfield code="o">338.74(075.8) &#x41C;58</subfield>
    <subfield code="p">66190</subfield>
    <subfield code="r">2022-02-06 00:00:00</subfield>
    <subfield code="w">2003-12-11</subfield>
    <subfield code="y">BK</subfield>
  </datafield>
  <datafield tag="952" ind1=" " ind2=" ">
    <subfield code="0">0</subfield>
    <subfield code="1">0</subfield>
    <subfield code="2">udc</subfield>
    <subfield code="4">0</subfield>
    <subfield code="7">0</subfield>
    <subfield code="a">102</subfield>
    <subfield code="b">102</subfield>
    <subfield code="d">2003-12-11</subfield>
    <subfield code="g">5.00</subfield>
    <subfield code="i">66191</subfield>
    <subfield code="l">0</subfield>
    <subfield code="o">338.74(075.8) &#x41C;58</subfield>
    <subfield code="p">66191</subfield>
    <subfield code="r">2022-02-06 00:00:00</subfield>
    <subfield code="w">2003-12-11</subfield>
    <subfield code="y">BK</subfield>
  </datafield>
  <datafield tag="952" ind1=" " ind2=" ">
    <subfield code="0">0</subfield>
    <subfield code="1">0</subfield>
    <subfield code="2">udc</subfield>
    <subfield code="4">0</subfield>
    <subfield code="7">0</subfield>
    <subfield code="a">102</subfield>
    <subfield code="b">102</subfield>
    <subfield code="d">2003-12-11</subfield>
    <subfield code="g">5.00</subfield>
    <subfield code="i">66192</subfield>
    <subfield code="l">0</subfield>
    <subfield code="o">338.74(075.8) &#x41C;58</subfield>
    <subfield code="p">66192</subfield>
    <subfield code="r">2022-02-06 00:00:00</subfield>
    <subfield code="w">2003-12-11</subfield>
    <subfield code="y">BK</subfield>
  </datafield>
  <datafield tag="952" ind1=" " ind2=" ">
    <subfield code="0">0</subfield>
    <subfield code="1">0</subfield>
    <subfield code="2">udc</subfield>
    <subfield code="4">0</subfield>
    <subfield code="7">0</subfield>
    <subfield code="a">102</subfield>
    <subfield code="b">102</subfield>
    <subfield code="d">2003-12-11</subfield>
    <subfield code="g">5.00</subfield>
    <subfield code="i">66193</subfield>
    <subfield code="l">0</subfield>
    <subfield code="o">338.74(075.8) &#x41C;58</subfield>
    <subfield code="p">66193</subfield>
    <subfield code="r">2022-02-06 00:00:00</subfield>
    <subfield code="w">2003-12-11</subfield>
    <subfield code="y">BK</subfield>
  </datafield>
  <datafield tag="952" ind1=" " ind2=" ">
    <subfield code="0">0</subfield>
    <subfield code="1">0</subfield>
    <subfield code="2">udc</subfield>
    <subfield code="4">0</subfield>
    <subfield code="7">0</subfield>
    <subfield code="a">102</subfield>
    <subfield code="b">102</subfield>
    <subfield code="d">2003-12-11</subfield>
    <subfield code="g">17.00</subfield>
    <subfield code="i">66194</subfield>
    <subfield code="l">0</subfield>
    <subfield code="o">338.74(075.8) &#x41C;58</subfield>
    <subfield code="p">66194</subfield>
    <subfield code="r">2022-02-06 00:00:00</subfield>
    <subfield code="w">2003-12-11</subfield>
    <subfield code="y">BK</subfield>
  </datafield>
  <datafield tag="952" ind1=" " ind2=" ">
    <subfield code="0">0</subfield>
    <subfield code="1">0</subfield>
    <subfield code="2">udc</subfield>
    <subfield code="4">0</subfield>
    <subfield code="7">0</subfield>
    <subfield code="a">102</subfield>
    <subfield code="b">102</subfield>
    <subfield code="d">2003-12-11</subfield>
    <subfield code="g">5.00</subfield>
    <subfield code="i">66195</subfield>
    <subfield code="l">0</subfield>
    <subfield code="o">338.74(075.8) &#x41C;58</subfield>
    <subfield code="p">66195</subfield>
    <subfield code="r">2022-02-06 00:00:00</subfield>
    <subfield code="w">2003-12-11</subfield>
    <subfield code="y">BK</subfield>
  </datafield>
  <datafield tag="952" ind1=" " ind2=" ">
    <subfield code="0">0</subfield>
    <subfield code="1">0</subfield>
    <subfield code="2">udc</subfield>
    <subfield code="4">0</subfield>
    <subfield code="7">0</subfield>
    <subfield code="a">102</subfield>
    <subfield code="b">102</subfield>
    <subfield code="d">2003-12-11</subfield>
    <subfield code="g">12.15</subfield>
    <subfield code="i">66196</subfield>
    <subfield code="l">0</subfield>
    <subfield code="o">338.74(075.8) &#x41C;58</subfield>
    <subfield code="p">66196</subfield>
    <subfield code="r">2022-02-06 00:00:00</subfield>
    <subfield code="w">2003-12-11</subfield>
    <subfield code="y">BK</subfield>
  </datafield>
  <datafield tag="952" ind1=" " ind2=" ">
    <subfield code="0">0</subfield>
    <subfield code="1">0</subfield>
    <subfield code="2">udc</subfield>
    <subfield code="4">0</subfield>
    <subfield code="7">0</subfield>
    <subfield code="a">102</subfield>
    <subfield code="b">102</subfield>
    <subfield code="d">2003-12-11</subfield>
    <subfield code="g">12.15</subfield>
    <subfield code="i">66197</subfield>
    <subfield code="l">0</subfield>
    <subfield code="o">338.74(075.8) &#x41C;58</subfield>
    <subfield code="p">66197</subfield>
    <subfield code="r">2022-02-06 00:00:00</subfield>
    <subfield code="w">2003-12-11</subfield>
    <subfield code="y">BK</subfield>
  </datafield>
  <datafield tag="952" ind1=" " ind2=" ">
    <subfield code="0">0</subfield>
    <subfield code="1">0</subfield>
    <subfield code="2">udc</subfield>
    <subfield code="4">0</subfield>
    <subfield code="7">0</subfield>
    <subfield code="a">102</subfield>
    <subfield code="b">102</subfield>
    <subfield code="d">2003-12-11</subfield>
    <subfield code="g">20.57</subfield>
    <subfield code="i">66198</subfield>
    <subfield code="l">0</subfield>
    <subfield code="o">338.74(075.8) &#x41C;58</subfield>
    <subfield code="p">66198</subfield>
    <subfield code="r">2022-02-06 00:00:00</subfield>
    <subfield code="w">2003-12-11</subfield>
    <subfield code="y">BK</subfield>
  </datafield>
  <datafield tag="952" ind1=" " ind2=" ">
    <subfield code="0">0</subfield>
    <subfield code="1">0</subfield>
    <subfield code="2">udc</subfield>
    <subfield code="4">0</subfield>
    <subfield code="7">0</subfield>
    <subfield code="a">102</subfield>
    <subfield code="b">102</subfield>
    <subfield code="d">2003-12-11</subfield>
    <subfield code="g">20.57</subfield>
    <subfield code="i">66199</subfield>
    <subfield code="l">0</subfield>
    <subfield code="o">338.74(075.8) &#x41C;58</subfield>
    <subfield code="p">66199</subfield>
    <subfield code="r">2022-02-06 00:00:00</subfield>
    <subfield code="w">2003-12-11</subfield>
    <subfield code="y">BK</subfield>
  </datafield>
</record>
